Invalidizácia v roku 1995

Podrobná bibliografia
Hlavný autor: Haláková, Ľubica (Autor)
Médium: Článok
Jazyk:slovenčina
Fyzický popis:Graf 1, tab. 2
Predmet:

MARC

LEADER 00000nab a2200000 a 4500
001 vtls000599316
003 SK-MaSNL
005 20260303015817.0
008 160202c1996 xo 0 slo
015 |a SNBRB19rr/mm-uuuuu 
035 |a CL0599455 
040 |a SNKBUCL  |b slo  |c SNKBUCL  |e AACR2 
041 0 |a slo 
044 |a xo  |c SK 
080 |a 368.015(437.6)  |2 1981 
100 1 |a Haláková, Ľubica  |4 aut  |9 967348 
245 1 0 |a Invalidizácia v roku 1995  |c Ľubica Haláková 
300 |b Graf 1, tab. 2 
650 0 7 |a invalidita  |2 snkbucl  |9 21995 
655 7 |a články z novín a časopisov  |2 snkbucl  |9 267496 
773 0 |t Národné poistenie  |g Roč. 28, č. 6 (1996), s. 8-9 
850 |a Slovenská národná knižnica v Martine  |a MTA001 
852 |a SNK  |b KIS3GCP 
958 |a RK 
958 |a SK 
992 |a RBX 
999 |c 1614849  |d 1616779